| 000 | 00889nam a22002657a 4500 | ||
|---|---|---|---|
| 005 | 20250116153809.0 | ||
| 010 | _aENG-143499 ENG-143500 | ||
| 020 |
_a9788175055292 _c400.00 |
||
| 020 |
_a9788175055308 _c400.00 |
||
| 035 | _aEN-127031 | ||
| 035 | _aEN-127032 | ||
| 037 | _bDBAD | ||
| 082 | _a923.254 | ||
| 245 |
_aNetaji Subhash; _bA Life Illumined b the light of Swami Vivekananda |
||
| 250 | _aFirst | ||
| 260 |
_aAdhyaksha, Advaita Ashrama Mayavati, Champawat, Uttrakhand _bSwami Shuddhidananda _c2023 |
||
| 270 |
_aAdhyaksha, Advaita Ashrama Mayavati, Champawat, Uttrakhand _bChampawat, Uttrakhand |
||
| 300 |
_axvii,645p. _c25cm (pbk) |
||
| 300 |
_avii,504p. _c25cm (pbk) |
||
| 490 | _vVol.1 | ||
| 490 | _vVol.2 | ||
| 700 |
_aSwami Chaitanyananda (Editor) _976686 |
||
| 700 |
_aSwami Gunottarananda (Editor) _976687 |
||
| 942 |
_2ddc _cEN _h923.254 _mNet |
||
| 999 |
_c208560 _d208560 |
||